000
00299nam a22001097a 4500
003
SGT
082
_a
370,PRE
100
_a
Preeti Sahu-211001004
245
_a
A Study of Academic Achievement of Secondary School Students in Relation to their Educational Aspiration
260
_c
2021
942
_2
ddc
_c
TH
999
_c
29391
_d
29391